Global powers of the consumer products 2012 : connecting the dots.
| Format: | Book |
|---|---|
| Published: |
London:
Deloitte,
2012.
|
| Subjects: |
| LEADER | 00388cam a2200121 7i4500 | ||
|---|---|---|---|
| 001 | 0000029385 | ||
| 005 | 20130404090000.0 | ||
| 090 | 0 | 0 | |a I 640.73 |b GLO |
| 245 | 0 | 0 | |a Global powers of the consumer products 2012 : |b connecting the dots. |
| 260 | 0 | 0 | |a London: |b Deloitte, |c 2012. |
| 300 | # | # | |a 48 p. |
| 650 | 0 | 0 | |a Consumer goods industry and trade |
| 999 | |a 0000032135 |b Book |c International |e Business Information Centre | ||